000 01545nam a22002535i 4500
001 156422
003 ES-MaACL
005 20250726075512.0
008 040729s1874 fr |||| | fre d
040 _aCAM
_bspa
_cCAM
080 _a821.13'342.3
100 1 _aJoret, Charles.
_9128351
245 1 0 _aDu C dans les langues romanes /
_cpar Charles Joret.
260 _aParis :
_bLibrairie A. Franck, F. Vieweg, propriètaire,
_c1874 (
_eNogent-le-Rotrou :
_fImprimerie de A. Gouverneur)
300 _aXX, 344 p. ;
_c24 cm.
490 1 _aCollection philologique. Recueil de travaux originaux ou traduits relatifs à la philologie & à l'histoire littéraire. Nouvelle série ;
_v8
490 1 _aBibliothèque de l'Ecole des hautes études. Sciences historiques et philologiques ;
_vfasc. 16
598 _aTambién se publicó en la Bibliothèque de l'Ecole des Hautes Etudes. Sciences historiques et philologiques ; 16.
650 0 4 _aLenguas románicas.
_914367
830 0 _aCollection philologique. Recueil de travaux originaux ou traduits relatifs à la philologie & à l'histoire littéraire. Nouvelle série ;
_v8
_9221668
830 0 0 _aBibliothèque de l'École des Hautes Études. Sciences historiques et philologiques
_vfasc. 16
_9229685
852 _aES-MaACL
_jC-7560
_z-- Enc. hol., conservando la cub. original
_z-- En la cub. y en la port. de la serie está tachado el número de la serie 8 por 16, que es el que le corresponde en la serie Bibliothèque de l'Ecole des Hautes Etudes
999 _c156422
_d156422